000 01290nam a2200301 a 4500
003 BLK
005 20241005103553.0
008 180411b bul|||||r ||||||| ||bul||
020 _a9786191912728
040 _aBLK
041 _aBUL
_cBUL
080 _aРуска литература
_b821.161.1
_x-93-34
_z821.161.1-93-34
100 1 _aКрюкова, Тамара Шамилевна
_eпърви автор
_9294296
139 _aКрюкова, Тамара Шамилевна
_bК 92
245 1 0 _aТаралежчето Ежко
_cТамара Крюкова ; прев. и ред. Стефана Кръстева ; худож. Наталия Соколова.
257 _aRUS
260 _aСофия
_bАрт Етърнал Дистрибушън
_c2016
_fСофия : Алианс принт
300 _a48 с.
_bс цв. ил.
_c28 см
380 _aDX
500 _aОриг. загл.: Крошка Ежик / Тамара Крюкова.
653 _9186425
_aесен
700 1 _aКръстева, Стефана
_eпрев. и ред.
_9386401
700 _aСоколова, Наталия Генадиевна
_eхудож.
_91637
852 _bО
942 _cKNG
_n0
_s1
_013
944 _aCR
_c2022-09-14
_k30537
_lГрета Цуфелде
999 _c473268
_d473268
999 _d473268